000 00422nam a2200157Ia 4500
005 20250326141541.0
008 250326s9999 xx 000 0 und d
037 _aTextbook
040 _aFMSL
_beng
_cFMSL
041 _aeng
_2eng
084 _qFMSL
245 0 _aInternational Banking and ficial market developments during the third quarter of 1988
260 _cnill
942 _cTB
999 _c1290839
_d1290839